000 01878pam a2200493 a 4500
001 sjds110815
003 sjds
005 20210223151921.0
008 930318s1993 laua j 000 0 eng
010 _a 93013002
020 _a088289966X :
_c$14.95
020 _a9780882899664
_c$16.99
035 _a(OCoLC)28023097
040 _aDLC
_cDLC
_dTAI
_dIFA
_dUtOrBLW
041 _aspa
049 _aIFAA
099 _a811.54
_f1993
100 1 _aRice, James,
_d1934-
_eauthor.
245 1 3 _aLa Nochebuena south of the border /
_cwritten and illustrated by James Rice ; translated by Ana Smith.
246 1 _aNochebuena south of the border
246 1 _aLa Noche buena south of the border
260 _aGretna, La. :
_bPelican Pub. Co.,
_c1993.
264 1 _aGretna, La. :
_bPelican Pub. Co.,
_c1993.
300 _a26 unnumbered pages :
_bcolor illustrations ;
_c28 cm
336 _atext
_btxt
_2rdacontent
337 _aunmediated
_bn
_2rdamedia
338 _avolume
_bnc
_2rdacarrier
500 _aIn Spanish and English.
520 _aIn this bilingual version of "The Night before Christmas," Santa has become Papa Noel and his reindeer have been replaced with eight burros pulling a cart.
526 0 _aAccelerated Reader
_bLG
_c2.9
_d0.5
_z18319
650 0 _aSanta Claus
_vJuvenile poetry.
650 0 _aChristmas poetry.
650 0 _aChildren's poetry, American.
650 0 _aAmerican poetry, Juvenile.
650 0 _aNarrative poetry
_vJuvenile literature.
650 0 _aSpanish language materials
_xBilingual
_vJuvenile literature.
650 7 _aSanta Claus
_vPoesia juvenil.
_2bidex
650 7 _aNavidad
_vPoesía juvenil.
_2bidex
650 7 _aPoesia infantil.
_2bidex
650 7 _aPoesia narrativa
_vLiteratura juvenil.
_2bidex
650 7 _aMateriales bilingues en espanol
_vLiteratura juvenil.
_2bidex
700 1 _aSmith, Ana.
942 _cBK
999 _c25307
_d25307